Which Colour? Click Quiz - Statistics

General Stats
  • This quiz has been taken 6,729 times
  • The average score is 28 of 36
Answer Stats
Hint Answer % Correct
Ruby 1 Red
93%
Blonde 3 Yellow
93%
Lemon 3 Yellow
93%
Navy 5 Blue
93%
Violet 6 Purple
93%
Pumpkin 2 Orange
92%
Sunflower 3 Yellow
92%
Mint 4 Green
92%
Tangerine 2 Orange
91%
Emerald 4 Green
90%
Lavender 6 Purple
90%
Mustard 3 Yellow
89%
Lilac 6 Purple
89%
Gold 3 Yellow
88%
Lime 4 Green
88%
Scarlet 1 Red
87%
Crimson 1 Red
85%
Azure 5 Blue
84%
Plum 6 Purple
83%
Ultramarine 5 Blue
82%
Apricot 2 Orange
81%
Jade 4 Green
80%
Sage 4 Green
77%
Sapphire 5 Blue
75%
Cardinal 1 Red
73%
Artichoke 4 Green
72%
Canary 3 Yellow
71%
Cerulean 5 Blue
65%
Amethyst 6 Purple
65%
Ginger 2 Orange
63%
Carmine 1 Red
58%
Mauve 6 Purple
58%
Amber 2 Orange
56%
Madder 1 Red
45%
Persimmon 2 Orange
45%
International Klein 5 Blue
33%
No matching quizzes found
Score Distribution
Percent of People with Each Score
Percentile by Number Answered
Your Score History
You have not taken this quiz